000 00668nam a2200229 a 4500
005 20260221063946.0
008 030304s2000 mx r 000 0 spa d
020 _a8472452913
035 _aUPN01000122397
049 _aCG
050 4 _aBJ1581.2
_bK7.28 2000
100 1 _aKrishnamurti, Jiddu,
_d1895-1986
_928845
245 1 3 _aEl arte de vivir /
_cJiddu Krishnamurti ; tr. Armando Clavier.
250 _a6a ed.
260 _aBarcelona, Esp. :
_bKairós,
_c2000.
300 _a238 p.
440 0 _aSabiduría perenne
534 _pTítulo original:
_tLive ahead
650 4 _aConducta de vida
_94416
650 4 _aEducación
_xFilosofía
_94994
905 _aLibro
999 _c94589
_d94589